Effect of hormones suprefact and p.g+ lrh -a on breeding of leptobarbus hoevenii, ប្រសិទ្ធភាពនៃអ័រម៉ូន Suprefact និង P.G + LRH-A ទៅលើការផលិតត្រីព្រលូង, (Record no. 5814)
[ view plain ]
| 000 -LEADER | |
|---|---|
| fixed length control field | 00628nam a22001577a 4500 |
| 003 - CONTROL NUMBER IDENTIFIER | |
| control field | OSt |
| 005 - DATE AND TIME OF LATEST TRANSACTION | |
| control field | 20160111110653.0 |
| 008 - FIXED-LENGTH DATA ELEMENTS--GENERAL INFORMATION | |
| fixed length control field | 160111b xxu||||| |||| 00| 0 eng d |
| 040 ## - CATALOGING SOURCE | |
| Transcribing agency | RUA |
| 082 ## - DEWEY DECIMAL CLASSIFICATION NUMBER | |
| Classification number | GRS VAL 2006 B324 Or.1 |
| 100 ## - MAIN ENTRY--PERSONAL NAME | |
| 9 (RLIN) | 6239 |
| Personal name | VA LUN ; វ៉ា លន់ |
| 245 ## - TITLE STATEMENT | |
| Title | Effect of hormones suprefact and p.g+ lrh -a on breeding of leptobarbus hoevenii, ប្រសិទ្ធភាពនៃអ័រម៉ូន Suprefact និង P.G + LRH-A ទៅលើការផលិតត្រីព្រលូង, |
| 260 ## - PUBLICATION, DISTRIBUTION, ETC. (IMPRINT) | |
| Place of publication, distribution, etc. | Phnom Penh |
| Name of publisher, distributor, etc. | RUA |
| Date of publication, distribution, etc. | 2006 |
| 300 ## - PHYSICAL DESCRIPTION | |
| Extent | xii ; 41p. |
| Other physical details | ill. |
| Dimensions | 29cm. |
| 942 ## - ADDED ENTRY ELEMENTS (KOHA) | |
| Source of classification or shelving scheme | |
| Koha item type | GRS |
| Price effective from | Date last seen | Permanent Location | Not for loan | Date acquired | Source of classification or shelving scheme | Koha item type | Barcode | Lost status | Damaged status | Shelving location | Withdrawn status | Current Location | Full call number |
|---|---|---|---|---|---|---|---|---|---|---|---|---|---|
| 2016-01-11 | 2016-01-11 | Library Block B | 2016-01-11 | GRS | RUA034370 | B324 | Library Block B | GRS VAL 2006 B324 Or.1 | |||||
| 2016-01-11 | 2016-01-11 | Library Block B | 2016-01-11 | GRS | RUA043470 | B324 | Library Block B | GRS VAL 2006 B324 Or.2 | |||||
| 2016-01-11 | 2016-01-11 | Library Block B | 2016-01-11 | GRS | RUA040784 | B324 | Library Block B | GRS VAL 2006 B324 Or.3 | |||||
| 2016-01-11 | 2016-01-11 | Library Block B | 2016-01-11 | GRS | RUA040724 | B324 | Library Block B | GRS VAL 2006 B324 Or.4 | |||||
| 2016-01-11 | 2016-01-11 | Library Block B | 2016-01-11 | GRS | RUA039402 | B324 | Library Block B | GRS VAL 2006 B324 Or.5 | |||||
| 2016-01-11 | 2016-01-11 | Library Block B | 2016-01-11 | GRS | RUA040711 | B324 | Library Block B | GRS VAL 2006 B324 Or.6 | |||||
| 2016-01-11 | 2016-01-11 | Library Block B | 2016-01-11 | GRS | RUA040771 | B324 | Library Block B | GRS VAL 2006 B324 Or.7 | |||||
| 2016-01-11 | 2016-01-11 | Library Block B | 2016-01-11 | GRS | RUA040488 | B324 | Library Block B | GRS VAL 2006 B324 Or.8 | |||||
| 2016-01-11 | 2016-01-11 | Library Block B | 2016-01-11 | GRS | RUA44796 | B324 | Library Block B | GRS VAL 2006 B324 Or.9 | |||||
| 2016-01-11 | 2016-01-11 | Library Block B | 2016-01-11 | GRS | RUA046449 | B324 | Library Block B | GRS VAL 2006 B324 Or.10 |